[Event "Bohemia South-chT 0405"]
[Site "Czech Republic"]
[Date "2005.??.??"]
[Round "?"]
[White "Chromecek, Oldrich"]
[Black "Hosek, Stanislav"]
[Result "1-0"]
[WhiteElo "1795"]
[BlackElo "2000"]
[PlyCount "101"]
[EventDate "2004.10.??"]
[EventType "team-tourn"]
[EventRounds "11"]
[EventCountry "CZE"]
[SourceTitle "EXT 2007"]
[Source "ChessBase"]
[SourceDate "2006.11.23"]
[SourceVersion "1"]
[SourceVersionDate "2006.11.23"]
[SourceQuality "1"]

1. e4 c5 2. Nf3 Nc6 3. d4 cxd4 4. Nxd4 Nf6 5. Nc3 e5 6. Ndb5 d6 7. Bg5 a6 8. Bxf6 gxf6 9. Na3 b5 10. Nd5 f5 11. exf5 Bxf5 12. c3 Bg7 13. Qf3 Bg6 14. Bd3 Bxd3 15. Qxd3 0-0 16. Nc2 e4 17. Qg3 Ne5 18. Nf4 Re8 19. Nh5 Ng6 20. Nxg7 Kxg7 21. 0-0-0 d5 22. Ne3 Re5 23. h4 h5 24. f4 exf3 25. Qxf3 Nxh4 26. Rxh4 Rxe3 27. Qxh5 Re6 28. Rg4+ Rg6 29. Rxg6+ fxg6 30. Qe5+ Qf6 31. Qxd5 Qf4+ 32. Kc2 Qf5+ 33. Kb3 Qxd5+ 34. Rxd5 Rf8 35. Rd2 Rf4 36. Kc2 Kh6 37. Kd3 g5 38. Ke3 Kh5 39. Rd4 Rf6 40. a3 g4 41. Rf4 Re6+ 42. Kf2 Kh4 43. g3+ Kh3 44. Rf5 Rh6 45. b3 Kh2 46. c4 bxc4 47. bxc4 Rh3 48. c5 Rxg3 49. Rh5+ Rh3 50. Rxh3+ gxh3 51. c6 1-0